Spiral vector theory of AC circuits and machines
Guardat en:
| Autor principal: | |
|---|---|
| Format: | Llibre |
| Idioma: | anglès |
| Publicat: |
Oxford
Clarendon Press
1992
|
| Col·lecció: | Monographs in Electrical and Electronic Engineering
|
| Matèries: | |
| Etiquetes: |
Afegir etiqueta
Sense etiquetes, Sigues el primer a etiquetar aquest registre!
|
MARC
| LEADER | 00000nam a2200000 a 4500 | ||
|---|---|---|---|
| 001 | UCU4437 | ||
| 003 | CL-VaPUC | ||
| 008 | 960524e19920000UK |||||||||||||||||eng|d | ||
| 082 | 0 | 4 | |a 621.319 |b YAM |2 21 |
| 100 | 0 | |a Yamamura, Sakae |e author |9 361983 | |
| 245 | 1 | 0 | |a Spiral vector theory of AC circuits and machines |
| 300 | |a 132 p | ||
| 942 | |c BK | ||
| 945 | |d 19960524 00:00:00 |a rbrito | ||
| 260 | |a Oxford |b Clarendon Press |c 1992 | ||
| 650 | 0 | |a Circuitos eléctricos |9 260262 | |
| 650 | 0 | |a Corriente alterna |9 260070 | |
| 650 | 0 | |a Ingeniería eléctrica |9 260573 | |
| 650 | 7 | |a MOTORES DE CORRIENTE ALTERNA |2 CL-VaPUC |9 361984 | |
| 650 | 0 | |a Motores eléctricos |9 260085 | |
| 650 | 7 | |a TECNOLOGIA ELECTRICA |2 CL-VaPUC |9 336952 | |
| 650 | 0 | |a Electromagnetismo |9 260123 | |
| 583 | |a last modification |c 19960524 00:00:00 |k Rodrigo Vera | ||
| 490 | 0 | |a Monographs in Electrical and Electronic Engineering | |
| 999 | |c 248142 |d 248140 | ||
| 952 | |0 0 |1 0 |4 0 |6 621_319000000000000_YAM_1992 |7 0 |8 A |9 264577 |a BIBING |b BIBING |d 2019-11-19 |i 3204588 |o 621.319 YAM 1992 |p 3204588 |r 2025-01-20 |w 2019-11-19 |y BK |k EIE | ||